Intellectual freedom manual / (Record no. 35215)

MARC details
000 -LEADER
fixed length control field 02583nam a22003374a 4500
005 - DATE AND TIME OF LATEST TRANSACTION
control field 20100412111420.0
010 ## - LCCN (DPL NO)
LC control number B-406922-930
020 ## - INTERNATIONAL STANDARD BOOK NUMBER
International Standard Book Number 9788170005636
Terms of availability 1350.00
035 ## - SYSTEM CONTROL NUMBER
System control number B-406922-930
037 ## - SOURCE OF ACQUISITION
Source of stock number/acquisition PUB
082 ## - DEWEY DECIMAL CLASSIFICATION NUMBER
Classification number 025.213
245 ## - TITLE STATEMENT
Title Intellectual freedom manual /
Statement of responsibility, etc compiled by the Office for Intellectual Freedom of the American Library Association.
250 ## - EDITION STATEMENT
Edition statement 7th ed.
260 ## - PUBLICATION, DISTRIBUTION, ETC. (IMPRINT)
Place of publication, distribution, etc New Delhi
Name of publisher, distributor, etc Ess Ess Publications
Date of publication, distribution, etc 2009
270 ## - ADDRESS
Address 4837/24, Ansari Road, Daryaganj
City New Delhi
Postal code 110002
300 ## - PHYSICAL DESCRIPTION
Extent xx, 521p.
Dimensions 25 cm(Hb)
500 ## - GENERAL NOTE
General note Includes bibliographical references (p. 497-498) and index
650 ## - SUBJECT ADDED ENTRY--TOPICAL TERM
Topical term or geographic name as entry element Libraries
650 ## - SUBJECT ADDED ENTRY--TOPICAL TERM
Topical term or geographic name as entry element Intellectual freedom
942 ## - ADDED ENTRY ELEMENTS (KOHA)
Source of classification or shelving scheme Dewey Decimal Classification
Item type Reference Books
Call number suffix INT
Classification part 025.213
Holdings
Withdrawn status Lost status Not for loan Collection code Home library Current library Date acquired Source of acquisition Cost, normal purchase price Full call number Barcode Copy number Cost, replacement price Koha item type
      Non-fiction Central Library Central Library 29/07/2010 Ess Ess Pub./20789/26.5.10/10/20.5.10/7.6.10 1350.00 025.213 INT B-406922 1 1350.00 English Books
    Not For Loan Reference Central Library Central Library 29/07/2010 Ess Ess Pub./20789/26.5.10/10/20.5.10/7.6.10 1350.00 025.213 INT B-406923 1 1350.00 English Books
    Not For Loan Reference Janak Puri Janak Puri 29/07/2010 Ess Ess Pub./20789/26.5.10/10/20.5.10/7.6.10 1350.00 025.213 INT B-406925 1 1350.00 English Books
      Non-fiction Karol Bagh Karol Bagh 29/07/2010 Ess Ess Pub./20789/26.5.10/10/20.5.10/7.6.10 1350.00 025.213 INT B-406928 1 1350.00 English Books
      Non-fiction Narela Narela 29/07/2010 Ess Ess Pub./20789/26.5.10/10/20.5.10/7.6.10 1350.00 025.213 INT B-406929 1 1350.00 English Books
    Not For Loan Reference Patel Nagar Patel Nagar 29/07/2010 Ess Ess Pub./20789/26.5.10/10/20.5.10/7.6.10 1350.00 025.213 INT B-406924 1 1350.00 English Books
    Not For Loan Reference Sarojini Nagar Sarojini Nagar 29/07/2010 Ess Ess Pub./20789/26.5.10/10/20.5.10/7.6.10 1350.00 025.213 INT B-406926 1 1350.00 English Books
      Non-fiction Shahdara Branch Shahdara Branch 29/07/2010 Ess Ess Pub./20789/26.5.10/10/20.5.10/7.6.10 1350.00 025.213 INT B-406930 1 1350.00 English Books
    Not For Loan Reference Vinoba Puri Vinoba Puri 29/07/2010 Ess Ess Pub./20789/26.5.10/10/20.5.10/7.6.10 1350.00 025.213 INT B-406927 1 1350.00 English Books

© Delhi Public Library
Hit Counter
free hit counter